Score 0/26 Timer 02:00
1 Play Today
Scramble Unscramble % Correct
LELBBELL
98.5%
DOFOFOOD
98.2%
YTCICITY
98.1%
WONDDOWN
97.7%
MEOHHOME
97.1%
PUJMJUMP
96.3%
RILGGIRL
95.7%
WNLALAWN
95.4%
TMTIMITT
94.8%
TNOKKNOT
94.5%
XISAAXIS
94.4%
YASEEASY
94%
TEONNOTE
93.7%
Scramble Unscramble % Correct
UTIQQUIT
93%
MEITTIME
91.6%
DAREREAD
91.5%
IEPPPIPE
91.1%
TASESEAT
90.9%
CHININCH
89.8%
ILWLWILL
88.9%
SAVEVASE
88.6%
YAX-RX-RAY
88.3%
LOAVOVAL
87.1%
TESZZEST
85%
LOYKYOLK
83.2%
ERUGURGE
80.4%
Remove Ads.
Support Sporcle.
Get the best of Sporcle when you Go Orange. This ad-free experience offers more features, more stats, and more fun while also helping to support Sporcle. Thank you for becoming a member.

You're not logged in!

Compare scores with friends on all Sporcle quizzes.
OR
Log In

Show Comments

Extras

Top Quizzes Today


Score Distribution

Your Account Isn't Verified!

In order to create a playlist on Sporcle, you need to verify the email address you used during registration. Go to your Sporcle Settings to finish the process.

Report this User

Report this user for behavior that violates our Community Guidelines.

Details: